Denmark National Football Team - Statistics

General Stats
  • This quiz has been taken 563 times
    262 since last reset
  • The average score is 7 of 18
Answer Stats
Goals Caps Player % Correct
0 120 Kasper Schmeichel
93%
46 147 Christian Eriksen
92%
1 129 Peter Schmeichel
86%
37 104 Michael Laudrup
79%
5 132 Simon Kjær
68%
30 81 Nicklas Bendtner
44%
52 112 Jon Dahl Tomasson
39%
4 102 Morten Olsen
28%
21 126 Dennis Rommedahl
25%
38 69 Preben Elkjær
25%
22 66 Ebbe Sand
20%
12 102 Martin Jørgensen
19%
44 47 Pauli Jørgensen
19%
52 38 Poul Nielsen
18%
2 108 Thomas Helveg
18%
42 50 Ole Madsen
7%
29 54 Henning Enoksen
4%
22 40 Michael Rohde
3%
No matching quizzes found
Score Distribution
Percent of People with Each Score
Percentile by Number Answered
Your Score History
You have not taken this quiz since the last reset